[Event "Avoine op 22nd"]
[Site "Avoine"]
[Date "2007.07.27"]
[Round "7"]
[White "Peurton, Frederic"]
[Black "Violeau, Jean Luc"]
[Result "0-1"]
[WhiteElo "2003"]
[BlackElo "1862"]
[PlyCount "128"]
[EventDate "2007.07.21"]
[EventType "swiss"]
[EventRounds "9"]
[EventCountry "FRA"]
[SourceTitle "EXT 2010"]
[Source "ChessBase"]
[SourceDate "2010.11.25"]
[SourceVersion "1"]
[SourceVersionDate "2010.11.25"]
[SourceQuality "1"]

1. e4 d5 2. exd5 Qxd5 3. Nc3 Qa5 4. d4 Nf6 5. Bd2 c6 6. Nf3 Bf5 7. Bc4 e6 8. Nd5 Qd8 9. Nxf6+ Qxf6 10. Bg5 Qg6 11. h4 Bxc2 12. Qd2 h6 13. h5 Qf5 14. Be3 Be4 15. Nh4 Qf6 16. 0-0-0 Nd7 17. Bf4 Bb4 18. Qe3 Bd5 19. Bxd5 cxd5 20. a3 Ba5 21. Bd6 Rc8+ 22. Kb1 Rc6 23. Bg3 0-0 24. f4 Rfc8 25. Bf2 Rc2 26. Rc1 Rxc1+ 27. Rxc1 Rxc1+ 28. Qxc1 Qd8 29. g4 Nf6 30. g5 Ne4 31. Be3 Qc7 32. Qg1 hxg5 33. fxg5 Qg3 34. Qxg3 Nxg3 35. h6 gxh6 36. gxh6 Bb6 37. Kc2 Bd8 38. Nf3 f6 39. Nh2 Kh7 40. Ng4 Kg6 41. Kd3 Be7 42. Bd2 Nf5 43. Bc1 Nd6 44. Bf4 Nf7 45. Bd2 Bf8 46. h7 Bg7 47. Bb4 Kxh7 48. Be7 Kg6 49. Bc5 a6 50. a4 Nh6 51. Nf2 Kg5 52. Kc3 f5 53. Kb4 f4 54. Ka5 Nf5 55. Kb6 Nxd4 56. Kxb7 Nb3 57. Be7+ Kf5 58. Kxa6 Bxb2 59. Kb5 Bd4 60. Bh4 e5 61. a5 Nxa5 62. Kxa5 Bxf2 63. Bxf2 e4 64. Kb4 e3 0-1

[Event "Fenain op"]
[Site "Fenain"]
[Date "2007.02.27"]
[Round "7.8"]
[White "Dumas, Victor"]
[Black "Peurton, Frederic"]
[Result "0-1"]
[WhiteElo "1810"]
[BlackElo "2017"]
[PlyCount "34"]
[EventDate "2007.02.24"]
[EventType "swiss"]
[EventRounds "7"]
[EventCountry "FRA"]
[SourceTitle "CBM 117 Extra"]
[Source "ChessBase"]
[SourceDate "2007.05.09"]
[SourceVersion "1"]
[SourceVersionDate "2007.05.09"]
[SourceQuality "1"]

1. e4 c5 2. Nf3 Nc6 3. d4 cxd4 4. Nxd4 g6 5. Nc3 Bg7 6. Be3 Nf6 7. f3 0-0 8. Qd2 d5 9. exd5 Nxd5 10. Nxd5 Qxd5 11. Nxc6 Qxc6 12. c3 Bf5 13. Rd1 Qa4 14. b3 Qa5 15. b4 Qa3 16. Bd4 Rfd8 17. Qe3 e5 0-1

[Event "Fenain op"]
[Site "Fenain"]
[Date "2007.02.26"]
[Round "5.7"]
[White "Vandeputte, Stephane"]
[Black "Peurton, Frederic"]
[Result "0-1"]
[WhiteElo "1800"]
[BlackElo "2017"]
[PlyCount "54"]
[EventDate "2007.02.24"]
[EventType "swiss"]
[EventRounds "7"]
[EventCountry "FRA"]
[SourceTitle "CBM 117 Extra"]
[Source "ChessBase"]
[SourceDate "2007.05.09"]
[SourceVersion "1"]
[SourceVersionDate "2007.05.09"]
[SourceQuality "1"]

1. e4 c5 2. c3 d5 3. exd5 Qxd5 4. d4 cxd4 5. cxd4 Nc6 6. Nf3 e5 7. Nc3 Bb4 8. Bd2 Bxc3 9. Bxc3 e4 10. Ne5 Nxe5 11. dxe5 Ne7 12. Be2 0-0 13. 0-0 Bf5 14. Qa4 a6 15. Bd1 Nc6 16. f4 Rfc8 17. a3 Qc5+ 18. Kh1 b5 19. Qc2 b4 20. Be1 Qxc2 21. Bxc2 Nd4 22. Bd1 e3 23. Ba4 bxa3 24. bxa3 Rc4 25. Bb4 a5 26. Bd2 Rxa4 27. g3 Be4+ 0-1

[Event "Saint Quentin op 4th"]
[Site "Saint Quentin"]
[Date "2001.04.19"]
[Round "6.21"]
[White "Peurton, Frederic"]
[Black "Cerovic, Novo"]
[Result "1-0"]
[WhiteElo "2106"]
[BlackElo "1510"]
[PlyCount "73"]
[EventDate "2001.04.15"]
[EventType "swiss"]
[EventRounds "9"]
[EventCountry "FRA"]
[SourceTitle "EXT 2002"]
[Source "ChessBase"]
[SourceDate "2001.11.25"]
[SourceVersion "1"]
[SourceVersionDate "2001.11.25"]
[SourceQuality "1"]

1. e4 g6 2. d4 Bg7 3. Nc3 d6 4. f4 e6 5. Nf3 a6 6. Be3 Bd7 7. Qd2 Ne7 8. g4 d5 9. e5 Nbc6 10. Bh3 f5 11. 0-0-0 Ng8 12. gxf5 gxf5 13. Rhg1 Qe7 14. Bf2 Qf8 15. Rg2 0-0-0 16. Rdg1 Bh6 17. Ng5 Nce7 18. Rg3 Ng6 19. Bf1 Bxg5 20. Rxg5 b5 21. Nb1 Kb7 22. R5g3 N8e7 23. Rb3 Ra8 24. a4 c6 25. Na3 Qe8 26. c4 Kb6 27. Be1 Nc8 28. cxb5 axb5 29. axb5 cxb5 30. Bxb5 Bxb5 31. Rxb5+ Kc7 32. Qc2+ Kd8 33. Rb7 Qa4 34. Qc7+ Ke8 35. Qf7+ Kd8 36. Bh4+ Nxh4 37. Qf6+ 1-0